Lokranjanaatun Lokshikshan:Artharta Samaaj Shikshan Kalaapathakaachi Nirmitee Va Kaamagiri-Shikshan (Record no. 348257)

MARC details
000 -LEADER
fixed length control field 005060000a22001930004500
005 - DATE AND TIME OF LATEST TRANSACTION
control field 20120302055400.0
040 ## - CATALOGING SOURCE
Original cataloging agency MAR
100 ## - MAIN ENTRY--PERSONAL NAME
Personal name Pradhan,Da.Bha.
245 ## - TITLE STATEMENT
Title Lokranjanaatun Lokshikshan:Artharta Samaaj Shikshan Kalaapathakaachi Nirmitee Va Kaamagiri-Shikshan
260 ## - PUBLICATION, DISTRIBUTION, ETC. (IMPRINT)
Place of publication, distribution, etc Amarawati:Manihar Kavishwar,1988.
300 ## - PHYSICAL DESCRIPTION
Extent 96p.
365 ## - TRADE PRICE
Price amount 15/-
650 ## - SUBJECT ADDED ENTRY--TOPICAL TERM
Topical term or geographic name as entry element Lokshikshan
650 ## - SUBJECT ADDED ENTRY--TOPICAL TERM
Topical term or geographic name as entry element Shikshan
650 ## - SUBJECT ADDED ENTRY--TOPICAL TERM
Topical term or geographic name as entry element Lokranjan
650 ## - SUBJECT ADDED ENTRY--TOPICAL TERM
Topical term or geographic name as entry element Samaaj Shikshan
650 ## - SUBJECT ADDED ENTRY--TOPICAL TERM
Topical term or geographic name as entry element Naatukali
942 ## - ADDED ENTRY ELEMENTS (KOHA)
Koha item type Book
Holdings
Withdrawn status Lost status Damaged status Not for loan Home library Current library Date acquired Total Checkouts Barcode Date last seen Price effective from
        Institute For Oriental Study, Thane Institute For Oriental Study, Thane 12/02/2009   IOS-10450 12/02/2009 12/02/2009